| 000 | 00000nam 2200000za 4500 |
| 001 | 9.840081 |
| 003 | CaOODSP |
| 005 | 20250403105946 |
| 007 | cr ||||||||||| |
| 008 | 170802s2017 oncd obs f000 0 fre d |
| 020 | |a978-0-660-09110-5 |
| 040 | |aCaOODSP|bfre |
| 043 | |an-cn--- |
| 086 | 1 |aCS98-200/2016-7F-PDF |
| 245 | 04|aLes couples de même sexe au Canada en 2016 |h[ressource électronique] : |bRecensement de la population, 2016. |
| 260 | |a[Ottawa] : |bStatistique Canada, |c2017. |
| 300 | |a7 p. : |bgraph. en coul. |
| 490 | 1 |aRecensement en bref |
| 500 | |aPubl. aussi en anglais sous le titre : Same-sex couples in Canada in 2016: Census of population, 2016. |
| 500 | |aTitre de la couv. |
| 500 | |a« Date de diffusion : le 2 août 2017. » |
| 500 | |aÉlaboré par Heather Lathe ... [et al.]. Cf. Remerciements. |
| 504 | |aComprend des références bibliographiques. |
| 520 | |a« Cet article de la série Recensement en bref dresse un portrait démographique des couples de même sexe au Canada en 2016 : leur nombre, leur répartition selon le sexe, leur lieu de résidence (milieu urbain ou rural), leur statut conjugal (mariés ou en union libre) et la présence d’enfants »--Fournis par l'éditeur. |
| 651 | 6|aCanada|xRecensement, 2016. |
| 692 | 07|2gccst|aCouple de même sexe |
| 692 | 07|2gccst|aDonnées du recensement |
| 700 | 1 |aLathe, Heather. |
| 710 | 2 |aStatistique Canada. |
| 775 | 08|tSame-sex couples in Canada in 2016 |w(CaOODSP)9.840080 |
| 830 | #0|aRecensement en bref (Statistique Canada)|w(CaOODSP)9.830740 |
| 856 | 40|qPDF|s401 Ko|uhttps://publications.gc.ca/collections/collection_2017/statcan/98-200-x/98-200-x2016007-fra.pdf |
| 986 | |a98-200-X2016007 |